[Event "Politiken Cup 1989"]
[Site "Vejstrup"]
[Date "1989.??.??"]
[Round "1"]
[White "Schussler, Harry"]
[Black "Hansen, Curt"]
[Result "0-1"]
[WhiteElo "2540"]
[BlackElo "2555"]
[EventType "tourn"]
[EventRounds "9"]
[EventCountry "DEN"]
[SourceTitle "Gl Danbase"]

1. Nf3 c5 2. c4 Nc6 3. g3 g6 4. Bg2 Bg7 5. Nc3 e6 6. O-O Nge7 7. b3 d5 8. cxd5 exd5 9. Bb2 d4 10. Na4 b6 11. e3 O-O 12. exd4 cxd4 13. Re1 Qd6 14. Qc1 Bb7 15. Ba3 Qd7 16. Nb2 Rac8 17. Nc4 d3 18. Rb1 b5 19. Nd6 b4 20. Nxc8 Rxc8 21. Bb2 Nd4 22. Qd1 Ne2+ 23. Rxe2 dxe2 24. Qxe2 Bxb2 25. Rxb2 Rc1+ 26. Ne1 Nc6 27. d3 Nd4 28. Qd2 Ra1 29. Qxb4 a5 30. Qxa5 Qe7 31. Bxb7 Rxe1+ 0-1

[Event "Politiken Cup 1989"]
[Site "Vejstrup"]
[Date "1989.??.??"]
[Round "9"]
[White "Mortensen, Erling"]
[Black "Schandorff, Lars"]
[Result "1/2-1/2"]
[WhiteElo "2475"]
[BlackElo "2455"]
[EventType "tourn"]
[EventRounds "9"]
[EventCountry "DEN"]
[SourceTitle "Gl Danbase"]

1. e4 c5 2. Ne2 d5 3. exd5 Nf6 4. c4 e6 5. dxe6 Bxe6 6. Nf4 Nc6 7. Be2 Qd7 8. Nc3 O-O-O 9. Nxe6 Qxe6 10. d3 Ne5 11. O-O Qf5 12. Qa4 a6 13. Be3 Bd6 14. h3 h5 15. Ne4 Nxe4 16. dxe4 Qxe4 17. Qb3 g5 18. f4 gxf4 19. Rxf4 Qc6 20. Rf2 Qe4 21. Rd1 Rhg8 22. Bf4 Bc7 23. Rxd8+ Rxd8 24. Bxh5 Rd3 25. Qc2 f6 26. b3 Qd4 27. Be2 Re3 28. Qf5+ Kb8 29. g3 Ka7 30. Kg2 a5 31. h4 a4 32. h5 axb3 33. axb3 Rxb3 34. h6 Qd8 35. Qc2 Ra3 36. Qe4 Ra6 37. h7 Qh8 38. Be3 Rc6 39. Bf4 Ra6 40. Bf3 Nxf3 41. Bxc7 Ng5 42. Qe7 Qxh7 43. Qxc5+ b6 44. Bxb6+ Rxb6 45. Ra2+ Kb7 46. Qd5+ Kc8 47. Ra8+ Rb8 48. Qc5+ Qc7 49. Qf8+ Kb7 50. Rxb8+ Qxb8 51. Qxf6 Qxg3+ 52. Kxg3 Ne4+ 53. Kf4 1/2-1/2

[Event "Politiken Cup 1989"]
[Site "Vejstrup"]
[Date "1989.??.??"]
[Round "9"]
[White "Rogers, Ian"]
[Black "Hoi, Carsten"]
[Result "1/2-1/2"]
[WhiteElo "2470"]
[BlackElo "2510"]
[EventType "tourn"]
[EventRounds "9"]
[EventCountry "DEN"]
[SourceTitle "Gl Danbase"]

1. e4 d6 2. d4 Nf6 3. Nc3 g6 4. Nf3 Bg7 5. Be2 O-O 6. O-O Bg4 7. h3 Bxf3 8. Bxf3 Nc6 9. Ne2 e5 10. c3 Re8 11. d5 Ne7 12. c4 Nd7 13. Nc3 f5 14. Rb1 Kh8 15. b4 b6 16. a3 Ng8 17. exf5 gxf5 18. Bh5 Rf8 19. f4 Qh4 20. Nb5 Ngf6 21. Bf3 Ne8 22. Qa4 Rg8 23. Nd4 exd4 24. Qxd7 Rf8 25. Bd2 Bh6 26. Bd1 Nf6 27. Qxf5 Rae8 28. Qd3 Ne4 29. Be1 Qf6 30. Bc2 Qg7 31. f5 Be3+ 32. Kh1 Rg8 33. g4 Nf6 34. Qe2 Qh6 35. Qh2 Bg5 36. Bg3 Re3 37. Rb3 Rge8 38. Rxe3 Rxe3 39. Re1 1/2-1/2